04038 2201957 4500001002100000005001500021035002000036008004100056245004900097100002100146250000600167260003400173300003800207020002200245084001400267082000800281650001500289990001200304990001200316990001200328990001200340990001200352990001200364990001200376990001200388990001200400990001200412990001200424990001200436990001200448990001200460990001200472990001200484990001200496990001200508990001200520990001200532990001200544990001200556990001200568990001200580990001200592990001200604990001200616990001200628990001200640990001200652990001200664990001200676990001200688990001200700990001200712990001200724990001200736990001200748990001200760990001200772990001200784990001200796990001200808990001200820990001200832990001200844990001200856990001200868990001200880990001200892990001200904990001200916990001200928990001200940990001200952990001200964990001200976990001200988990001201000990001201012990001201024990001201036990001201048990001201060990001201072990001201084990001201096990001201108990001201120990001201132990001201144990001201156990001201168990001201180990001201192990001201204990001201216990001201228990001201240990001201252990001201264990001201276990001201288990001201300990001201312990001201324990001201336990001201348990001201360990001201372990001201384990001201396990001201408990001201420990001201432990001201444990001201456990001201468990001201480990001201492990001201504990001201516990001201528990001201540990001201552990001201564990001201576990001201588990001201600990001201612990001201624990001201636990001201648990001201660990001201672990001201684990001201696990001201708990001201720990001201732990001201744990001201756990001201768990001201780990001201792990001201804990001201816990001201828990001201840990001201852990001201864990001201876990001201888990001201900990001201912990001201924990001201936990001201948990001201960990001201972990001201984990001201996990001202008990001202020990001202032990001202044990001202056990001202068INLIS00000000000140120240802070729 a0010-0824000007240802 0 ind 1 aMatematika Tingkat Lanjut /cWika Budi Utami aBudi Utami, Wika a1 aJakarta :bKemendikbud,c2022 a208 hlm. :bilus. ;c17.5 x 25 cm a978-602-244-769-6 a510 WIK m a510 4aBUKU Paket a0753295 a0753296 a0753297 a0753298 a0753299 a0753300 a0753301 a0753302 a0753303 a0753304 a0753305 a0753306 a0753307 a0753308 a0753309 a0753310 a0753311 a0753312 a0753313 a0753314 a0753315 a0753316 a0753317 a0753318 a0753319 a0753320 a0753321 a0753322 a0753323 a0753324 a0753325 a0753326 a0753327 a0753328 a0753329 a0753330 a0753331 a0753332 a0753333 a0753334 a0753335 a0753336 a0753337 a0753338 a0753339 a0753340 a0753341 a0753342 a0753343 a0753344 a0753345 a0753346 a0753347 a0753348 a0753349 a0753350 a0753351 a0753352 a0753353 a0753354 a0753355 a0753356 a0753357 a0753358 a0753359 a0753360 a0753361 a0753362 a0753363 a0753364 a0753365 a0753366 a0753367 a0753368 a0753369 a0753370 a0753371 a0753372 a0753373 a0753374 a0753375 a0753376 a0753377 a0753378 a0753379 a0753380 a0753381 a0753382 a0753383 a0753384 a0753385 a0753386 a0753387 a0753388 a0753389 a0753390 a0753391 a0753392 a0753393 a0753394 a0753395 a0753396 a0753397 a0753398 a0753399 a0753400 a0753401 a0753402 a0753403 a0753404 a0753405 a0753406 a0753407 a0753408 a0753409 a0753410 a0753411 a0753412 a0753413 a0753414 a0753415 a0753416 a0753417 a0753418 a0753419 a0753420 a0753421 a0753422 a0753423 a0753424 a0753425 a0753426 a0753427 a0753428 a0753429 a0753430 a0753431 a0753432 a0753433 a0753434 a0753435 a0753436 a0753437 a0753438 a0753439 a0753440 a0753441 a0753442